Anafylaxe : život ohrožující alergie

Saved in:
Bibliographic Details
Main Authors Petrů, Vít, 1944- (Author), Krčmová, Irena, 1957- (Author)
Corporate Author Česká iniciativa pro astma
Format Book
LanguageCzech
Published Praha : Maxdorf, c2011
SeriesEdice ČIPA
Subjects
ISBN9788073452117
Physical Description41 s. : barev. il. ; 21 cm

Cover

LEADER 00000cam a2200000 a 4500
001 69561
003 CZ-ZlUTB
005 20240829152759.0
007 ta
008 110629s2011 xr a e f 000 0 cze
015 |a cnb002200043 
020 |a 9788073452117  |q (brož.) 
035 |a (OCoLC)746837936 
040 |a OLA001  |b cze  |d ABA001 
072 7 |a 616  |x Patologie. Klinická medicína  |2 Konspekt  |9 14 
080 |a 616-092.19-008.6  |2 MRF 
080 |a (035)  |2 MRF 
100 1 |a Petrů, Vít,  |d 1944-  |7 skuk0004540  |4 aut 
245 1 0 |a Anafylaxe :  |b život ohrožující alergie /  |c Vít Petrů, Irena Krčmová 
260 |a Praha :  |b Maxdorf,  |c c2011 
300 |a 41 s. :  |b barev. il. ;  |c 21 cm 
490 1 |a Edice ČIPA 
500 |a Na obálce pod názvem: Česká iniciativa pro astma 
520 9 |a Informace o příčinách, projevech, léčbě a prevenci život ohrožujících alergických stavů. 
650 0 7 |a anafylaktické reakce  |7 ph378891  |2 czenas 
650 0 9 |a anaphylactic reactions  |2 eczenas 
655 7 |a příručky  |7 fd133209  |2 czenas 
655 9 |a handbooks, manuals, etc  |2 eczenas 
700 1 |a Krčmová, Irena,  |d 1957-  |7 mzk2006368125  |4 aut 
710 2 |a Česká iniciativa pro astma  |7 nlk20020120349 
830 0 |a Edice ČIPA 
910 |a ZLD002 
952 |0 0  |1 0  |4 0  |6 616PETRŮV  |7 0  |8 BOOK  |9 126356  |a UTBZL  |b UTBZL  |c 005  |d 2014-02-28  |l 0  |o 616/PETRŮ,V.  |p 420010152370  |r 2019-08-26 00:00:00  |v 49.00  |w 2019-08-26  |x N:nákup; | 20100831  |y 01 
952 |0 0  |1 0  |4 0  |6 616PETRŮV  |7 0  |8 BOOK  |9 126357  |a UTBZL  |b UTBZL  |c 006  |d 2014-02-28  |l 6  |o 616/PETRŮ,V.  |p 420010152369  |r 2021-05-24 00:00:00  |s 2021-04-23  |v 49.00  |w 2019-08-26  |x N:nákup; | 20100831  |y 04 
992 |a BK  |b SK  |d 5 
901 |b 9788073452117  |f [1. vyd.]  |o 20110720 
999 |c 69561  |d 69561